Vista normal
Vista MARC
Entrada Topical Term
Número de registros utilizados en: 1
001 - CONTROL NUMBER
- control field: 69101
003 - CONTROL NUMBER IDENTIFIER
- control field: OSt
005 - DATE AND TIME OF LATEST TRANSACTION
- control field: 20260220214129.0
008 - FIXED-LENGTH DATA ELEMENTS
- fixed length control field: 260220|| aca||aabn | a|a d
040 ## - CATALOGING SOURCE
- Original cataloging agency: OSt
- Transcribing agency: OSt
150 ## - HEADING--TOPICAL TERM
- Topical term or geographic name entry element: Turismo ecológico
- Geographic subdivision: Colombia
- Chronological subdivision: Siglo XXI
- Form subdivision: Guías
670 ## - SOURCE DATA FOUND
- Source citation: Work cat.: (OSt)60569: Vasco, Irene, 1952-, autora 1899, Lugares fantásticos de Colombia / autora, Irene Vasco ; ilustraciones, José Rosero ; selección de textos, Beatriz Helena Robledo